00169nam a2200073Ia 4500008004100000082001300041100001900054245002200073240331s9999 xx 000 0 und d a301bLIN aLindesmith,A.R 0aSocial psychology